"Most expensive" country names - part II - Statistics

General Stats
  • This quiz has been taken 15 times
    13 since last reset
  • The average score is 20 of 24
Answer Stats
Hint Answer % Correct
229.83 € Kyrgyzstan
100%
224.12 € Uzbekistan
100%
202.33 € Zambia
100%
216.53 € Zimbabwe
100%
291.94 € Azerbaijan
91%
105.59 € Jamaica
91%
230.20 € Kazakhstan
91%
105.28 € Mexico
91%
356,13 € Mozambique
91%
149.15 € Qatar
91%
120.02 € Tajikistan
91%
200.68 € Brazil
82%
180.41 € Equatorial Guinea
82%
129.56 € Luxembourg
82%
207.23 € Switzerland
82%
229.81 € Czech Republic
73%
112.48 € Djibouti
73%
100.54 € Japan
73%
204.14 € New Zealand
73%
194.82 € Tanzania
73%
198.93 € Belize
64%
242.34 € Bosnia and Herzegovina
64%
147.95 € Iraq
64%
211.33 € Venezuela
55%
No matching quizzes found
Score Distribution
Percent of People with Each Score
Percentile by Number Answered
Your Score History
You have not taken this quiz since the last reset